[Event "45th Sparkassen Open"]
[Site "Dortmund GER"]
[Date "2017.07.15"]
[Round "1.1"]
[White "Henrichs, Thomas"]
[Black "Lewin, Tammo"]
[Result "0-1"]
[WhiteTitle "IM"]
[WhiteElo "2491"]
[BlackElo "2040"]
[WhiteFideId "4626605"]
[BlackFideId "4668596"]
[EventDate "2017.07.15"]

1. Nf3 e6 2. c4 f5 3. g3 Nf6 4. Bg2 Be7 5. O-O O-O 6. d4 d5 7. b3 c6 8. Ba3 b6
9. Qc1 Ne4 10. Bxe7 Qxe7 11. Qa3 Qxa3 12. Nxa3 Nd7 13. Rfc1 Bb7 14. Nc2 g5 15.
Nce1 g4 16. Nh4 c5 17. dxc5 Ndxc5 18. f3 Nf6 19. b4 Na6 20. Nd3 dxc4 21. Rxc4
Rac8 22. Rac1 Rxc4 23. Rxc4 Rc8 24. Rxc8+ Bxc8 25. fxg4 Nxg4 26. e4 fxe4 27.
Bxe4 Nf6 28. Bc6 Nd5 29. a3 Nb8 30. Bxd5 exd5 31. Kf2 Kf7 32. Ke3 Ba6 33. Ne5+
Ke6 34. Nhf3 Nd7 35. Nxd7 Kxd7 36. Kd4 Kc6 37. Kc3 Kd6 38. Kd4 Bf1 39. Ke3 a5
40. Kf4 d4 41. Nxd4 axb4 42. axb4 Kd5 43. Nc2 Bd3 44. Ne3+ Kd4 45. g4 b5 46. h4
Bc4 47. h5 Bg8 48. Nf5+ Kc3 49. Ne7 Bf7 50. Nc8 Kxb4 51. Nd6 Ba2 52. g5 Kc5 53.
Ne4+ Kd4 54. g6 h6 55. g7 b4 56. Kf5 Bg8 57. Nd6 Bh7+ 58. Ke6 b3 59. Nb5+ Ke4
60. Kf6 Kf4 61. g8=Q Bxg8 62. Kg6 Kg4 63. Na3 Bf7+ 64. Kxh6 Bxh5 65. Kg7 Kf5 66.
Nc4 Be2 67. Na3 Bd3 0-1

[Event "45th Sparkassen Open"]
[Site "Dortmund GER"]
[Date "2017.07.15"]
[Round "1.2"]
[White "Belz, Frank-Martin"]
[Black "Hausrath, Daniel"]
[Result "0-1"]
[BlackTitle "GM"]
[WhiteElo "2029"]
[BlackElo "2482"]
[WhiteFideId "12941026"]
[BlackFideId "4617495"]
[EventDate "2017.07.15"]

1. Nf3 Nf6 2. c4 g6 3. Nc3 Bg7 4. g3 O-O 5. Bg2 d6 6. O-O e5 7. d3 Nc6 8. Rb1 a5
9. a3 Nd4 10. e3 Nxf3+ 11. Bxf3 c6 12. d4 exd4 13. exd4 Bf5 14. Ra1 Re8 15. Bf4
h5 16. Qd2 Ne4 17. Nxe4 Bxe4 18. Be2 d5 19. c5 Re6 20. b4 a4 21. Ra2 b5 22. h4
Qd7 23. Re1 Rae8 24. Raa1 R6e7 25. Bd3 Qh3 26. f3 Bxf3 0-1

[Event "45th Sparkassen Open"]
[Site "Dortmund GER"]
[Date "2017.07.15"]
[Round "1.3"]
[White "Nalbandian, Tigran"]
[Black "Kolakovic, Klaudio"]
[Result "1-0"]
[WhiteTitle "GM"]
[WhiteElo "2458"]
[BlackElo "2017"]
[WhiteFideId "13300245"]
[BlackFideId "24645800"]
[EventDate "2017.07.15"]

1. Nf3 d5 2. g3 g6 3. Bg2 Bg7 4. c4 d4 5. d3 e5 6. O-O Ne7 7. e3 O-O 8. exd4
exd4 9. b4 a5 10. b5 c5 11. Re1 Ra7 12. Bf4 Ra8 13. Nbd2 f6 14. Nb3 g5 15. Bxb8
Rxb8 16. Nxc5 b6 17. Ne6 Bxe6 18. Rxe6 Ng6 19. Qe2 Ne5 20. Rc1 Qd7 21. Nxe5 fxe5
22. Bd5 Kh8 23. Qh5 h6 24. Qg6 Qf7 25. Qxf7 Rxf7 26. Rxb6 Rxb6 27. Bxf7 Bf8 28.
c5 1-0

[Event "45th Sparkassen Open"]
[Site "Dortmund GER"]
[Date "2017.07.15"]
[Round "1.4"]
[White "Manthei, Michael"]
[Black "Kashlinskaya, Alina"]
[Result "0-1"]
[BlackTitle "IM"]
[WhiteElo "2004"]
[BlackElo "2438"]
[WhiteFideId "24605824"]
[BlackFideId "4198026"]
[EventDate "2017.07.15"]

1. d4 Nf6 2. Bf4 g6 3. e3 Bg7 4. c3 d6 5. h3 O-O 6. Nf3 Nc6 7. Bh2 Nd7 8. Bc4 e5
9. dxe5 Ndxe5 10. Nxe5 Nxe5 11. Bxe5 Bxe5 12. Nd2 d5 13. Bd3 b6 14. Nf3 Bg7 15.
Qa4 a6 16. Rd1 Bb7 17. O-O c5 18. Be2 Qc7 19. Rd2 Rfe8 20. Rfd1 Bc6 21. Qh4 Re4
22. g4 h6 23. Kg2 d4 24. cxd4 cxd4 25. exd4 Bd5 26. Qg3 Qb7 27. Kf1 Rxe2 28.
Rxe2 Bxf3 29. Red2 Bxd1 30. Rxd1 Qh1+ 0-1

[Event "45th Sparkassen Open"]
[Site "Dortmund GER"]
[Date "2017.07.15"]
[Round "1.5"]
[White "Jugelt, Tobias"]
[Black "Maniocha, Marek"]
[Result "1-0"]
[WhiteTitle "IM"]
[WhiteElo "2431"]
[BlackElo "1996"]
[WhiteFideId "4626150"]
[BlackFideId "4636821"]
[EventDate "2017.07.15"]

1. d4 d5 2. Bf4 Nf6 3. e3 e6 4. Nd2 c6 5. Bd3 Bd6 6. Bg3 Qc7 7. Ngf3 Nbd7 8. c4
Bxg3 9. hxg3 e5 10. cxd5 cxd5 11. Rc1 Qd6 12. dxe5 Nxe5 13. Nxe5 Qxe5 14. Qa4+
Bd7 15. Qb4 Qe7 16. Qxb7 O-O 17. Qa6 Ne4 18. Bxe4 dxe4 19. Qa5 Rab8 20. b3 Rfc8
21. O-O Be8 22. Rfe1 Rxc1 23. Rxc1 Rd8 24. Nxe4 f5 25. Qxf5 Bg6 26. Qg5 Qf8 27.
Nc3 Rd2 28. Qf4 Qd8 29. e4 h6 30. Nd5 Rd4 31. Rc8 1-0

[Event "45th Sparkassen Open"]
[Site "Dortmund GER"]
[Date "2017.07.15"]
[Round "1.6"]
[White "Borchert, Louis"]
[Black "Podzielny, Karl-Heinz"]
[Result "0-1"]
[BlackTitle "IM"]
[WhiteElo "1996"]
[BlackElo "2395"]
[WhiteFideId "12990680"]
[BlackFideId "4600215"]
[EventDate "2017.07.15"]

1. e4 c5 2. c3 g6 3. d4 cxd4 4. cxd4 d5 5. e5 Nc6 6. Nc3 Nh6 7. Bb5 Bd7 8. Nge2
Nf5 9. Nxd5 Nxe5 10. Bxd7+ Nxd7 11. Qa4 Bg7 12. Bf4 O-O 13. O-O e6 14. Nc7 Rc8
15. Qxa7 g5 16. d5 gxf4 17. dxe6 Rxc7 18. exd7 f6 0-1

[Event "45th Sparkassen Open"]
[Site "Dortmund GER"]
[Date "2017.07.15"]
[Round "1.7"]
[White "Schuh, Dirk"]
[Black "Garbuz, Vitaliy"]
[Result "1-0"]
[WhiteTitle "IM"]
[WhiteElo "2377"]
[BlackElo "1989"]
[WhiteFideId "4655311"]
[BlackFideId "12990710"]
[EventDate "2017.07.15"]

1. Nf3 e6 2. g3 b5 3. Bg2 Bb7 4. O-O Nf6 5. d4 d6 6. c3 Nbd7 7. a4 a6 8. Na3 c5
9. Bg5 Qb6 10. Bxf6 Nxf6 11. dxc5 dxc5 12. axb5 axb5 13. Qb3 b4 14. Nc4 Qc7 15.
Rxa8+ Bxa8 16. Ra1 Bc6 17. Nfe5 Bxg2 18. Qa4+ Nd7 19. Kxg2 Qb7+ 20. f3 f6 21.
Rd1 fxe5 22. Nxe5 Be7 23. Rxd7 1-0

[Event "45th Sparkassen Open"]
[Site "Dortmund GER"]
[Date "2017.07.15"]
[Round "1.8"]
[White "Finke, Dominik"]
[Black "Schleining, Zoya"]
[Result "0-1"]
[BlackTitle "IM"]
[WhiteElo "1987"]
[BlackElo "2369"]
[WhiteFideId "16202511"]
[BlackFideId "4671660"]
[EventDate "2017.07.15"]

1. e4 c5 2. Nf3 Nc6 3. d4 cxd4 4. Nxd4 Qc7 5. Nc3 e6 6. Be3 a6 7. a3 b5 8. Nxc6
Qxc6 9. Be2 Bb7 10. O-O Rc8 11. Bf3 Qc7 12. Qd3 Bd6 13. h3 Bh2+ 14. Kh1 Be5 15.
Bd4 d6 16. Be2 Nf6 17. f4 Bxd4 18. Qxd4 Qc5 19. Rad1 Ke7 20. e5 Qxd4 21. Rxd4
dxe5 22. fxe5 Nd5 23. Nxd5+ Bxd5 24. c3 Rc5 25. a4 Bc6 26. axb5 axb5 27. Ra1 Ra8
28. Rxa8 Bxa8 29. Rb4 Bc6 30. c4 Rxe5 31. cxb5 Bxg2+ 32. Kxg2 Rxe2+ 33. Kf3 Rd2
34. b6 Rd6 35. Rc4 Rd7 36. b4 Rb7 37. Rc6 f5 38. Kf4 Kf6 39. h4 g6 40. Ke3 Ke5
41. Kd3 Kd5 42. b5 f4 43. Kc3 h6 44. Kb4 g5 45. hxg5 hxg5 46. Rc5+ Kd4 47. Rxg5
Rxb6 48. Ka5 Rb8 49. Rg6 e5 50. Kb4 f3 51. Rd6+ Ke3 52. b6 f2 53. Rf6 Rxb6+ 0-1

[Event "45th Sparkassen Open"]
[Site "Dortmund GER"]
[Date "2017.07.15"]
[Round "1.9"]
[White "Heider, Martin"]
[Black "Zachos, Ingo"]
[Result "1-0"]
[WhiteElo "2356"]
[BlackElo "1986"]
[WhiteFideId "24668389"]
[BlackFideId "4694180"]
[EventDate "2017.07.15"]

1. d4 Nf6 2. c4 g6 3. Nc3 Bg7 4. e4 d6 5. Nf3 O-O 6. Be2 c5 7. d5 Na6 8. O-O Nc7
9. Re1 a6 10. a4 b6 11. Bf1 Bd7 12. e5 Nfe8 13. Bf4 Rb8 14. Qd2 b5 15. Bh6 bxc4
16. Bxg7 Kxg7 17. Re4 dxe5 18. Rh4 Rh8 19. Nxe5 h5 20. Rxc4 Nf6 21. Rxc5 Be8 22.
Rd1 Qd6 23. Qd4 Rb7 24. b4 e6 25. Nc4 Qd8 26. Na5 Rb8 27. d6 Nd5 28. Nxd5 exd5
29. Nc6 Bxc6 30. Rxc6 Qd7 31. Rxa6 Rhe8 32. Bb5 Rxb5 33. axb5 Qxb5 34. d7 1-0

[Event "45th Sparkassen Open"]
[Site "Dortmund GER"]
[Date "2017.07.15"]
[Round "1.10"]
[White "Zill, Christoph"]
[Black "Osipiak, Grzegorz"]
[Result "0-1"]
[WhiteTitle "FM"]
[WhiteElo "2213"]
[BlackElo "2338"]
[WhiteFideId "4688856"]
[BlackFideId "1109154"]
[EventDate "2017.07.15"]

1. e4 c5 2. Nc3 a6 3. Nf3 d6 4. d4 cxd4 5. Nxd4 Nf6 6. Be2 e6 7. Be3 Be7 8. Qd2
Qc7 9. f4 Nbd7 10. Bf3 Rb8 11. O-O-O Nb6 12. g4 Nc4 13. Qe2 b5 14. g5 Nd7 15.
Bf2 Ndb6 16. h4 O-O 17. f5 b4 18. Nb1 e5 19. f6 gxf6 20. gxf6 Bxf6 21. Nf5 Bxf5
22. exf5 e4 23. Rdg1+ Kh8 24. Qxe4 Bxb2+ 25. Kd1 d5 26. Bd4+ f6 27. Qd3 Rbe8 28.
Nd2 0-1

[Event "45th Sparkassen Open"]
[Site "Dortmund GER"]
[Date "2017.07.15"]
[Round "1.11"]
[White "Wagner, Alexej"]
[Black "Harringer, Manfred"]
[Result "1-0"]
[WhiteElo "2277"]
[BlackElo "1979"]
[WhiteFideId "4129555"]
[BlackFideId "12958336"]
[EventDate "2017.07.15"]

1. d4 Nf6 2. c4 e6 3. Nc3 d5 4. cxd5 exd5 5. Bg5 Be7 6. e3 c6 7. Bd3 Bg4 8. Qc2
Nbd7 9. Nge2 Bxe2 10. Qxe2 Ne4 11. Bxe7 Qxe7 12. O-O Ndf6 13. f3 Nxc3 14. bxc3
O-O 15. e4 c5 16. e5 Nd7 17. Rab1 b6 18. f4 Rfe8 19. Qf3 Rad8 20. Bb5 cxd4 21.
cxd4 Qe6 22. Rbc1 a6 23. Bc6 Rf8 24. Bxd5 Nxe5 25. fxe5 Rxd5 26. Qf2 h6 27. h3
Rfd8 28. Rc7 R5d7 29. Rxd7 Qxd7 30. Kh1 b5 31. Qf3 Qe6 32. Rd1 Qxa2 33. d5 b4
34. d6 Qe6 35. Qe3 Rd7 36. Qc5 b3 37. Rb1 Rb7 38. Qc6 Qd7 39. Qxd7 Rxd7 40. Rxb3
Rd8 41. Kh2 Kf8 42. Kg3 Ke8 43. Kf4 Ra8 44. Rb7 a5 45. e6 fxe6 46. Ke5 a4 47.
Kxe6 a3 48. Rxg7 Kf8 49. Rf7+ Kg8 50. Rf1 a2 51. d7 Kg7 52. Ra1 Kf8 53. Rxa2 1-0

[Event "45th Sparkassen Open"]
[Site "Dortmund GER"]
[Date "2017.07.15"]
[Round "1.12"]
[White "Hartung, Thomas2"]
[Black "Bomans, Arno"]
[Result "0-1"]
[BlackTitle "FM"]
[WhiteElo "1979"]
[BlackElo "2250"]
[WhiteFideId "4639146"]
[BlackFideId "206024"]
[EventDate "2017.07.15"]

1. e4 c5 2. Nf3 Nc6 3. d4 cxd4 4. Nxd4 Qb6 5. Nb5 a6 6. Be3 Qd8 7. N5c3 e6 8. a3
Nf6 9. Bc4 b5 10. Ba2 Bb7 11. O-O Ne5 12. Qe2 Be7 13. f3 Qc7 14. g4 h6 15. Nd2
g5 16. Qf2 Ng6 17. Nb3 Rc8 18. Bb6 Qb8 19. Rad1 Nf4 20. Qe3 h5 21. Nc5 hxg4 22.
fxg4 Nxg4 23. Qd4 Ne2+ 0-1

[Event "45th Sparkassen Open"]
[Site "Dortmund GER"]
[Date "2017.07.15"]
[Round "1.13"]
[White "Steinle, Carsten"]
[Black "Mittelbachert, Ulrich"]
[Result "1-0"]
[WhiteElo "2237"]
[BlackElo "1978"]
[WhiteFideId "24676462"]
[BlackFideId "4634470"]
[EventDate "2017.07.15"]

1. Nf3 g6 2. g3 Bg7 3. Bg2 e5 4. e4 Nc6 5. O-O d6 6. b3 Nf6 7. Re1 O-O 8. Bb2
Bg4 9. h3 Bxf3 10. Bxf3 Nd4 11. Bg2 Ne6 12. Nc3 Nh5 13. Nd5 c6 14. Ne3 Qg5 15.
h4 Qe7 16. Qg4 Nf6 17. Qe2 h5 18. c3 Rfe8 19. d4 Nh7 20. dxe5 dxe5 21. Nc4 b5
22. Ba3 c5 23. Ne3 Nf4 24. Qxb5 Rac8 25. Rad1 a6 26. Qc4 Bh6 27. Nd5 Nxd5 28.
Rxd5 g5 29. Bc1 Qe6 30. Qd3 c4 31. bxc4 Rc6 32. Rd8 Kg7 33. Rxe8 Qxe8 34. hxg5
Bxg5 35. f4 Bd8 36. Be3 Bb6 37. Bxb6 Rxb6 38. c5 Re6 39. Bh3 Re7 40. Bg2 Re6 41.
Rb1 Qc6 42. Qe3 Qa4 43. Rb6 Qd1+ 44. Bf1 h4 45. Qe2 Qc1 46. Qg4+ Rg6 47. Rxg6+
fxg6 48. f5 Qe3+ 49. Kg2 h3+ 50. Kxh3 Ng5+ 51. Kg2 gxf5 52. Qxf5 Qd2+ 53. Kh1
Nf7 54. Bc4 Qc1+ 55. Kg2 Qd2+ 56. Qf2 1-0

[Event "45th Sparkassen Open"]
[Site "Dortmund GER"]
[Date "2017.07.15"]
[Round "1.14"]
[White "Groneberg, Joerg"]
[Black "Holtel, Jasper"]
[Result "0-1"]
[BlackTitle "FM"]
[WhiteElo "1973"]
[BlackElo "2229"]
[WhiteFideId "12941638"]
[BlackFideId "12956376"]
[EventDate "2017.07.15"]

1. d4 Nf6 2. Nf3 g6 3. c4 Bg7 4. Nc3 d5 5. cxd5 Nxd5 6. e4 Nxc3 7. bxc3 c5 8.
Bc4 O-O 9. h3 Nc6 10. Be3 Qa5 11. O-O Qxc3 12. Rc1 Qa3 13. dxc5 Na5 14. Bd5 e6
15. Bb3 Nxb3 16. Qxb3 Qxb3 17. axb3 Bd7 18. Nd2 Bc6 19. f3 Rad8 20. Kf2 Rd3 21.
Rc2 f5 22. exf5 exf5 23. g3 Re8 24. Re1 Rexe3 25. Rxe3 Bd4 26. Nf1 Rxb3 27. Ke2
Bxe3 28. Nxe3 a5 29. f4 a4 30. g4 Be4 31. Ra2 a3 32. Nd1 Kf7 33. gxf5 Bxf5 34.
Kd2 Rxh3 35. Nc3 Rh2+ 36. Kc1 Rxa2 37. Nxa2 h5 38. Nc3 h4 0-1

[Event "45th Sparkassen Open"]
[Site "Dortmund GER"]
[Date "2017.07.15"]
[Round "1.15"]
[White "Wiebe, Patrick"]
[Black "Schuelke, Tilman"]
[Result "1-0"]
[WhiteElo "2229"]
[BlackElo "1973"]
[WhiteFideId "4684079"]
[BlackFideId "4647475"]
[EventDate "2017.07.15"]

1. c4 e5 2. g3 d6 3. Bg2 g6 4. Nc3 Bg7 5. e4 Nc6 6. Nge2 Nd4 7. Nxd4 exd4 8. Ne2
Ne7 9. O-O O-O 10. d3 Rb8 11. b4 Kh8 12. Bg5 h6 13. Bd2 Kh7 14. Qc2 c6 15. c5
Ra8 16. f4 Bg4 17. Rae1 dxc5 18. bxc5 Qd7 19. Rf2 Bh3 20. Bxh3 Qxh3 21. Rb1 Qd7
22. Rb4 Rab8 23. Qb1 Rfd8 24. Qb3 Qe6 25. Rf1 b5 26. cxb6 Qxb3 27. Rxb3 axb6 28.
Rfb1 Ra8 29. Rxb6 Rxa2 30. R1b2 Rxb2 31. Rxb2 c5 32. Rb7 Bf8 33. Kf2 Kg8 34. g4
Nc6 35. Rc7 Nb8 36. Ba5 Re8 37. Kf3 Bd6 38. Rb7 Nc6 39. Bd2 f5 40. Ng3 Re7 41.
Rb6 Rc7 42. h4 Be7 43. h5 g5 44. Nxf5 Bf8 45. Ke2 Kf7 46. Kd1 Nb4 47. Bxb4 cxb4
48. fxg5 hxg5 49. Kd2 Ra7 50. Kc2 Rc7+ 51. Kd1 Ra7 52. Rb8 Ra1+ 53. Kc2 Rg1 54.
Rb7+ Kg8 55. Kb3 Kh8 56. Kc4 Rxg4 57. Kd5 Rg1 58. Ke6 Rh1 59. Kf6 Rxh5 60. Kg6
Rh3 61. Rb8 Kg8 62. Ne7+ 1-0

[Event "45th Sparkassen Open"]
[Site "Dortmund GER"]
[Date "2017.07.15"]
[Round "1.16"]
[White "Boesel, Alexander"]
[Black "Wilke, Werner"]
[Result "0-1"]
[WhiteElo "1963"]
[BlackElo "2225"]
[WhiteFideId "4623185"]
[BlackFideId "1600826"]
[EventDate "2017.07.15"]

1. e4 c5 2. Nf3 d6 3. Bb5+ Nc6 4. O-O Bg4 5. h3 Bh5 6. Bxc6+ bxc6 7. Nc3 e5 8.
Ne2 Bxf3 9. gxf3 Qd7 10. Kh2 Nf6 11. d3 h6 12. f4 exf4 13. Bxf4 g5 14. Bd2 d5
15. Ng3 Rg8 16. Qf3 Rg6 17. e5 Ng8 18. Rae1 Ne7 19. Nh5 Qe6 20. Nf6+ Kd8 21. c4
Bg7 22. Ba5+ Kc8 23. b4 dxc4 24. b5 Nf5 25. dxc4 Nd4 26. Qd3 Rb8 27. bxc6 Qxc6
28. Nd5 Re6 29. Qh7 Bxe5+ 30. Kg2 Rb2 31. Qxf7 Rxa2 32. Qf8+ Re8 33. Qf7 Rxa5
34. Re4 Qe6 35. Qh7 Qf5 36. Qxf5+ Nxf5 37. Rfe1 Nh4+ 38. Kf1 Ng6 39. Nf6 Rf8 40.
Ng4 Bc3 0-1

[Event "45th Sparkassen Open"]
[Site "Dortmund GER"]
[Date "2017.07.15"]
[Round "1.18"]
[White "Dyballa, Gerhard"]
[Black "Luft, Dennis"]
[Result "0-1"]
[WhiteElo "1957"]
[BlackElo "2219"]
[WhiteFideId "4645189"]
[BlackFideId "24623717"]
[EventDate "2017.07.15"]

1. c4 e6 2. g3 d5 3. Bg2 Nf6 4. Nf3 dxc4 5. Na3 Be7 6. Nxc4 b5 7. Nce5 O-O 8.
O-O Bb7 9. d4 c5 10. Bg5 c4 11. Rc1 Ne4 12. Bxe7 Qxe7 13. Nd2 Nxd2 14. Qxd2 Bxg2
15. Kxg2 Nd7 16. Nxd7 Qxd7 17. e4 Rfd8 18. Rfd1 Rac8 19. b3 cxb3 20. Rxc8 Rxc8
21. axb3 f5 22. f3 fxe4 23. fxe4 Qd6 24. d5 Rd8 25. Qd4 exd5 26. exd5 a5 27. Qa7
Qb4 28. Qe3 Qd6 29. Qa7 Qe5 30. Qd4 Qxd4 31. Rxd4 Kf7 32. Kf3 Ke7 33. Rg4 g6 34.
Ke4 Kd6 35. Kd4 a4 36. bxa4 bxa4 37. Re4 Ra8 38. Re6+ Kd7 39. Re1 a3 40. Ra1 a2
41. Ke5 Ra5 42. g4 Ke7 43. h4 Kd7 44. h5 gxh5 45. gxh5 Ke7 46. h6 Ra6 47. d6+
Kd7 48. Kf6 Kxd6 49. Kg7 Ra7+ 50. Kg8 Ke6 51. Rxa2 Rxa2 52. Kxh7 Kf6 53. Kg8 Ra7 0-1

[Event "45th Sparkassen Open"]
[Site "Dortmund GER"]
[Date "2017.07.15"]
[Round "1.19"]
[White "Boehm, Juergen2"]
[Black "Biermann, Florian"]
[Result "1-0"]
[WhiteElo "2217"]
[BlackElo "1939"]
[WhiteFideId "4606434"]
[BlackFideId "12970069"]
[EventDate "2017.07.15"]

1. d4 Nf6 2. Bg5 c5 3. Nc3 cxd4 4. Qxd4 Nc6 5. Qh4 a6 6. e4 d6 7. O-O-O Bd7 8.
f4 Rc8 9. Nf3 Qa5 10. Bd3 Nb4 11. Bxf6 gxf6 12. a3 Rxc3 13. axb4 Qa1+ 14. Kd2
Qxb2 15. Rb1 Qa3 16. Qf2 Rg8 17. g3 Bh6 18. Qd4 Bxf4+ 19. gxf4 Rg2+ 20. Ke1 Bb5
21. Rg1 Rcxc2 22. Bxc2 Re2+ 23. Kd1 Qxf3 24. Kc1 Qa3+ 25. Rb2 Qa1+ 26. Bb1 Bd3
27. Qc3 Kd7 28. Rg3 Bc4 29. Rc2 Rxc2+ 30. Kxc2 Qa4+ 31. Kd2 1-0

[Event "45th Sparkassen Open"]
[Site "Dortmund GER"]
[Date "2017.07.15"]
[Round "1.20"]
[White "Gijsen, Stief"]
[Black "Boecker, Juergen"]
[Result "1-0"]
[WhiteElo "2194"]
[BlackElo "1930"]
[WhiteFideId "207535"]
[BlackFideId "12915904"]
[EventDate "2017.07.15"]

1. e4 e5 2. Nf3 Nf6 3. Nxe5 d6 4. Nf3 Nxe4 5. Nc3 Nxc3 6. dxc3 Be7 7. Bf4 Nd7 8.
Qd2 Nc5 9. O-O-O O-O 10. Kb1 c6 11. Nd4 d5 12. f3 Bf6 13. g4 Bxd4 14. cxd4 Na4
15. h4 b5 16. h5 Nb6 17. Bd3 a5 18. g5 Nc4 19. Qh2 Ra7 20. Rdg1 a4 21. Bxh7+
Kxh7 22. g6+ Kg8 23. h6 fxg6 24. hxg7 Rxg7 25. Rxg6 Kf7 26. Rxg7+ Kxg7 27. Qh7+
Kf6 28. Rh6# 1-0

[Event "45th Sparkassen Open"]
[Site "Dortmund GER"]
[Date "2017.07.15"]
[Round "1.21"]
[White "Kasueschke, Lars"]
[Black "Lehmann, Holger"]
[Result "1/2-1/2"]
[WhiteElo "1916"]
[BlackElo "2188"]
[WhiteFideId "12939510"]
[BlackFideId "4620275"]
[EventDate "2017.07.15"]

1. e4 c5 2. Nf3 Nc6 3. Bb5 Nf6 4. e5 Nd5 5. O-O g6 6. Nc3 Nc7 7. Re1 Nxb5 8.
Nxb5 Bg7 9. c3 O-O 10. d4 a6 11. Na3 cxd4 12. cxd4 d6 13. Bg5 Bg4 14. Nc4 h6 15.
Bf4 b5 16. d5 Nxe5 17. Ncxe5 dxe5 18. Bxe5 Bxe5 19. Rxe5 Qd6 20. Re3 Rfd8 21. h3
Be6 22. a4 Bxd5 23. axb5 axb5 24. Rxa8 Rxa8 25. Qd2 Ra1+ 26. Ne1 e6 27. Rc3 Qe5
28. Rc1 Rxc1 29. Qxc1 Kh7 30. Nc2 b4 31. Ne3 Qd4 32. Qc7 Kg7 33. Qc2 b3 34. Qc1
h5 35. Kh1 Qd3 36. Kg1 Be4 37. Kh2 Qd6+ 38. Kg1 Bc2 39. Qe1 Qd4 40. Qc1 Qd3 41.
Qa1 Qd6 42. Qa5 Qd4 43. Qa3 Qe5 44. Qa1 Be4 45. Qc1 Qd4 46. Kh2 Bd5 47. Kg1 e5
48. Kh2 Be6 49. Kg1 f5 50. Nd1 f4 51. Qc7+ Bf7 52. Nc3 Kg8 53. Qb8+ Kg7 54. Qc7
Kf8 55. Qc8+ Ke7 56. Qc7+ Kf6 57. Qc6+ Be6 58. Qe8 Bf5 59. Qf8+ Ke6 60. Qe8+ Kf6 1/2-1/2

[Event "45th Sparkassen Open"]
[Site "Dortmund GER"]
[Date "2017.07.15"]
[Round "1.22"]
[White "Goossens, Hanne"]
[Black "Melde, Benjamin"]
[Result "0-1"]
[WhiteTitle "WFM"]
[WhiteElo "2175"]
[BlackElo "1912"]
[WhiteFideId "200468"]
[BlackFideId "12958816"]
[EventDate "2017.07.15"]

1. e4 c5 2. Nf3 d6 3. d4 cxd4 4. Nxd4 Nf6 5. Nc3 a6 6. Be3 Ng4 7. Bg5 h6 8. Bh4
g5 9. Bg3 Bg7 10. Be2 h5 11. h4 Nc6 12. Nf5 Bxf5 13. exf5 Qa5 14. hxg5 Qxf5 15.
Qd2 Nd4 16. O-O-O Rc8 17. Kb1 Kf8 18. f3 Nxe2 19. Nxe2 Ne3 20. Rc1 Nc4 21. Qd3
Qb5 22. Qb3 Nd2+ 23. Ka1 Nxb3+ 24. cxb3 Rc6 0-1

[Event "45th Sparkassen Open"]
[Site "Dortmund GER"]
[Date "2017.07.15"]
[Round "1.23"]
[White "Seref, Serkan"]
[Black "Heinert, Eugen"]
[Result "0-1"]
[WhiteElo "1910"]
[BlackElo "2168"]
[WhiteFideId "16205561"]
[BlackFideId "24621390"]
[EventDate "2017.07.15"]

1. e4 e6 2. d4 d5 3. Bd3 dxe4 4. Bxe4 Nf6 5. Bf3 c5 6. Ne2 Nc6 7. c3 e5 8. Bxc6+
bxc6 9. O-O Ba6 10. Re1 Be7 11. Be3 O-O 12. Ng3 Rb8 13. Qc2 cxd4 14. cxd4 exd4
15. Bxd4 Qxd4 16. Nf5 Qxb2 17. Nxe7+ Kh8 18. Qxb2 Rxb2 19. Nxc6 Rc8 20. Nd4 Ng4
21. Nc3 Nxf2 22. Re7 Ng4 23. Rae1 h6 24. Re8+ Rxe8 25. Rxe8+ Kh7 26. Re7 Rb7 27.
Rxb7 Bxb7 28. Ndb5 a6 29. Nd6 Bc6 30. Nxf7 Kg6 31. Nd6 Kf6 32. h3 Ne3 33. Nde4+
Ke5 34. Nc5 Kd4 35. Nxa6 Kxc3 36. g4 Bd5 37. Nc7 Bxa2 38. Ne8 g5 39. Kf2 Kd4 40.
Nf6 Be6 41. Kg3 Nf1+ 42. Kf2 Nd2 43. Ne8 Ne4+ 44. Kg2 Bf7 45. Ng7 Nd6 46. Kg3
Ke5 47. h4 Kf6 48. hxg5+ hxg5 49. Nf5 Nxf5+ 50. gxf5 Kg7 0-1

[Event "45th Sparkassen Open"]
[Site "Dortmund GER"]
[Date "2017.07.15"]
[Round "1.24"]
[White "Meiser, Markus"]
[Black "Schmitz, Edgar"]
[Result "1-0"]
[WhiteElo "2145"]
[BlackElo "1909"]
[WhiteFideId "4617827"]
[BlackFideId "24675270"]
[EventDate "2017.07.15"]

1. d4 Nf6 2. c4 e5 3. dxe5 Ng4 4. Bf4 g5 5. Bg3 Bg7 6. Nc3 Nc6 7. e3 Ngxe5 8.
Be2 d6 9. Nd5 O-O 10. h4 g4 11. Qc2 Ne7 12. Rd1 c6 13. Nc3 Bf5 14. e4 Be6 15. h5
Qc7 16. h6 Bf6 17. f4 Nxc4 18. Bxc4 Bxc4 19. e5 Nd5 20. Ne4 Qa5+ 21. Rd2 Ba6 22.
Nxf6+ Nxf6 23. Qf5 Ne8 24. Rh4 Rc8 25. Rxg4+ Kh8 26. Bh4 f6 27. Rg7 Nxg7 28.
hxg7+ Kxg7 29. exf6+ 1-0

[Event "45th Sparkassen Open"]
[Site "Dortmund GER"]
[Date "2017.07.15"]
[Round "1.25"]
[White "Klueting, Reiner"]
[Black "Van Cappellen, Jonas"]
[Result "0-1"]
[WhiteElo "1907"]
[BlackElo "2141"]
[WhiteFideId "4644760"]
[BlackFideId "263796"]
[EventDate "2017.07.15"]

1. e4 c5 2. Nf3 e6 3. d4 cxd4 4. c3 dxc3 5. Nxc3 Nc6 6. Bc4 Bb4 7. O-O Nge7 8.
Qe2 O-O 9. Rd1 a6 10. Bf4 Ng6 11. Bd6 Bxd6 12. Rxd6 Qa5 13. Rad1 Nce5 14. Bb3
Nxf3+ 15. Qxf3 b5 16. Qh5 Qc7 17. g3 Rb8 18. Qg5 Rb6 19. Rxb6 Qxb6 20. h4 h6 21.
Qh5 d6 22. Qe2 Bb7 23. Kh2 Rd8 24. f4 b4 25. Nb1 Ne7 26. Nd2 d5 27. Bc2 Qd4 28.
Nb3 Qb6 29. Nd2 a5 30. Nf3 dxe4 31. Rxd8+ Qxd8 32. Bxe4 Bd5 33. Qd2 Qc7 34. Bxd5
Nxd5 35. Nd4 Qc4 36. Nb3 a4 37. Nc1 h5 38. Nd3 Qd4 39. Qe2 Ne3 40. Nf2 Nf5 41.
Nd3 g6 42. Ne5 Qd5 43. Qe1 Qd4 44. Qe2 a3 45. bxa3 bxa3 46. Kh3 Qb2 47. Qg2 Kg7
48. Nc4 Qc3 49. Ne5 Qe1 50. Nf3 Qe4 51. Ne5 Qb1 52. Kh2 f6 53. Nc4 Nh6 54. Ne3 0-1